Introduction to RF propagation
Αποθηκεύτηκε σε:
| Κύριος συγγραφέας: | |
|---|---|
| Μορφή: | Βιβλίο |
| Γλώσσα: | English |
| Δημοσίευση: |
Hoboken, N.J. :
Wiley,
c2005
|
| Θέματα: | |
| Ετικέτες: |
Προσθήκη ετικέτας
Δεν υπάρχουν, Καταχωρήστε ετικέτα πρώτοι!
|
MARC
| LEADER | 00000nam a2200000 i 4500 | ||
|---|---|---|---|
| 001 | 1/95991 | ||
| 008 | 081023s2005 eng d | ||
| 020 | |a 978-0-471-65596-1 | ||
| 020 | |a 0-471-65596-1 | ||
| 035 | |l 10101132 | ||
| 040 | |a GR-MY-UA |b gre |e aacr | ||
| 041 | 0 | |a eng | |
| 082 | 0 | |a 621.38411 |2 (22) | |
| 100 | 1 | |a Seybold, John S. |d 1958- | |
| 245 | 1 | 0 | |a Introduction to RF propagation / |c John S. Seybold |
| 260 | |a Hoboken, N.J. : |b Wiley, |c c2005 | ||
| 300 | |a xv, 330 σ.; |b εικ.; |c 24 εκ. | ||
| 504 | |a Περιέχει βιβλιογραφικές παραπομπές και ευρετήριο | ||
| 650 | 0 | 0 | |a Radio wave propagation |x Textbooks. |
| 650 | 0 | 0 | |a Radio wave propagation |x Mathematical models |x Textbooks. |
| 650 | 0 | 0 | |a Antennas (Electronics) |x Textbooks. |
| 852 | |a INST |b SAMOS |e 20081023 |h 621.38411 SEY |p 005300029905 |q 005300029905 |t BK |y 0 | ||
| 901 | |a BIBL3-2008-3 | ||
| 909 | |a Σ |b 134853 | ||
| 922 | |a 3ΕΛΗ |b 200612 |c ΕΠΕΑΕΚ2/ΜΕΤ-ΤΜΠΕΣ |d ΜΙΧΑΛΟΠΟΥΛΟΣ | ||
| 970 | |a ΡΟΥΣΣΟΥ |b ΚΩΝΣΤΑΝΤΙΝΑ |z 2008/10/23 | ||